Employed women and family support, (Record no. 36301)

MARC details
000 -LEADER
fixed length control field 01350cam a22003011 4500
001 - CONTROL NUMBER
control field l 39000103
003 - CONTROL NUMBER IDENTIFIER
control field DLC
005 - DATE AND TIME OF LATEST TRANSACTION
control field 20260227111537.0
008 - FIXED-LENGTH DATA ELEMENTS--GENERAL INFORMATION
fixed length control field 820222s1939 dcu f000 0 eng c
010 ## - LIBRARY OF CONGRESS CONTROL NUMBER
LC control number l 39000103
035 ## - SYSTEM CONTROL NUMBER
System control number (OCoLC)8178333
040 ## - CATALOGING SOURCE
Original cataloging agency U.S. Dept. of Labor. Libr.
Transcribing agency Vi
Modifying agency Vi
-- DLC
042 ## - AUTHENTICATION CODE
Authentication code premarc
050 00 - LIBRARY OF CONGRESS CALL NUMBER
Classification number HD6093
Item number .A3 no. 168
082 ## - DEWEY DECIMAL CLASSIFICATION NUMBER
Classification number 331.406173 s
086 0# - GOVERNMENT DOCUMENT CLASSIFICATION NUMBER
Classification number L 13.3:no.168
100 1# - MAIN ENTRY--PERSONAL NAME
Personal name Pidgeon, Mary Elizabeth.
245 10 - TITLE STATEMENT
Title Employed women and family support,
Statement of responsibility, etc. by Mary Elizabeth Pidgeon and Margaret Thompson Mettert ...
260 ## - PUBLICATION, DISTRIBUTION, ETC.
Place of publication, distribution, etc. Washington,
Name of publisher, distributor, etc. U.S. Govt. Print. Off.,
Date of publication, distribution, etc. 1939.
300 ## - PHYSICAL DESCRIPTION
Extent v, 57 p.
Dimensions 23 cm.
490 0# - SERIES STATEMENT
Series statement Bulletin of the [U.S.] Women's Bureau,
Volume/sequential designation no. 168
500 ## - GENERAL NOTE
General note At head of title: United States Department of Labor. Frances Perkins, secretary. Women's Bureau. Mary Anderson, director.
500 ## - GENERAL NOTE
General note Through the courtesy of the Bureau of the Census the family schedules from three large industrial cities [Fort Wayne, Indiana, Bridgeport, Connecticut, and Richmond, Virginia] in 1930 have been examined. cf. Letter of transmittal.
650 #0 - SUBJECT ADDED ENTRY--TOPICAL TERM
Topical term or geographic name entry element Women
General subdivision Employment
Geographic subdivision Indiana
-- Fort Wayne.
650 #0 - SUBJECT ADDED ENTRY--TOPICAL TERM
Topical term or geographic name entry element Women
General subdivision Employment
Geographic subdivision Connecticut
-- Bridgeport.
650 #0 - SUBJECT ADDED ENTRY--TOPICAL TERM
Topical term or geographic name entry element Women
General subdivision Employment
Geographic subdivision Virginia
-- Richmond.
700 1# - ADDED ENTRY--PERSONAL NAME
Personal name Mettert, Margaret Jane Thompson,
Dates associated with a name 1907-
Relator term joint author.

No items available.

Powered by Koha